Superhero names - Statistics

General Stats
  • This quiz has been taken 27 times
  • The average score is 34 of 40
Answer Stats
Alter Ego Hero % Correct
5) Bruce Wayne Batman
100%
3) Natalia Romanoff Black Widow
100%
4) Steve Rogers Captain America
100%
2) Dr Bruce Banner Hulk
100%
1) Tony Stark Iron Man
100%
12) Wanda Maximoff Scarlet Witch
100%
8) Peter Parker Spiderman
100%
14) Clark Kent Superman
100%
13) Thor Odinson Thor
100%
30) King T'Challa Black Panther
96%
16) Diana Prince Wonderwoman
96%
25) Wade Wilson Deadpool
92%
15) Barry Allen Flash
92%
6) Oliver Queen Green Arrow
92%
7) Clint Barton Hawkeye
92%
24) James Howlett/Logan Wolverine
92%
28) Scott Lang Ant Man
88%
29) Stephen Strange Dr Strange
88%
36) Johnny Storm Human Torch
88%
17) Peter Quill Starlord
88%
34) Eddie Brock Venom
88%
39) Charles Xavier Professor X
84%
20) Kara Zor-El Supergirl
84%
21) Carol Danvers Captain Marvel
80%
18) Hal Jordan Green Lantern
80%
32) Reed Richards Mr Fantastic
80%
11) Pietro Maximoff Quicksilver
80%
26) Ororo Munroe Storm
80%
22) Col. James Rhodes War Machine
80%
33) James Buchanan Barnes Winter Soldier
80%
23) Arthur Curry Aquaman
76%
10) Matthew Murdock Daredevil
76%
31) Sam Wilson Falcon
76%
38) Susan Storm Richards Invisible Woman
76%
37) Benjamin Grimm Thing
76%
19) Richard Grayson Robin
72%
27) Remy LeBeau Gambit
64%
9) Johnny Blaze Ghost Rider
64%
35) Jennifer Walters She Hulk
60%
40) Eric Brooks Blade
40%
No matching quizzes found
Score Distribution
Percent of People with Each Score
Percentile by Number Answered
Your Score History
You have not taken this quiz